| 000 | 03106cam a2200505 i 4500 | ||
|---|---|---|---|
| 001 | 991061718033006706 | ||
| 003 | ES-BaIT | ||
| 005 | 20260331135321.0 | ||
| 008 | 960922q17001799sp 000 d spa c | ||
| 040 |
_aES-BaIT _bcat _erda _cES-BaIT |
||
| 080 | _a860-2"17" | ||
| 100 | 1 |
_aPersio Bertiso, Félix _eautor _9168432 |
|
| 245 | 1 | 0 |
_aEntremes famoso de La Infanta Palancona : _ben forma de comedia, con primera, segunda y tercera jornadas |
| 246 | 3 | _aLa Infanta Palancona | |
| 264 | 1 |
_a[Lloc de publicació no identificat] : _b[editor no identificat], _c[entre 1700 i 1799] |
|
| 300 |
_a24 pàgines ; _c8º (14 cm) |
||
| 336 |
_atext _btxt _2rdacontent |
||
| 337 |
_asense mediació _bn _2rdamedia |
||
| 338 |
_avolum _bnc _2rdacarrier |
||
| 500 | _a Autor obtingut del Catálogo de La Barrera | ||
| 500 | _aData aproximada d'impressió deduïda de la tipografia | ||
| 500 | _aExisteix un article molt documentat de Rodríguez Marín, a la "Revista de Archivos, Bibliotecas y Museos", 1908 - 1a. part- pàgina 69 que demostra l'existència de l'autor, que no és pseudònim de Quevedo | ||
| 500 | _aSignatura: A12 | ||
| 500 | _aP7: D1, H6 | ||
| 530 | _aReproducció digital disponible a Biblioescènic | ||
| 593 | 0 | 0 |
_bVIT-059/02 _cEnquadernació holandesa amb puntes, en color blau, guardes marbrejades. Exemplar guillotinat. Etiqueta d'antic topogràfic Vitrina A Estante 2 en full de guarda volant anterior. Relligat en volum factici, títol al llom: Entremeses raros VI _fEx-libris de la Colección teatral Arturo Sedó a la contracoberta anterior. Segell de la Colección teatral Arturo Sedó a portada. Llistat manuscrit al full de guarda anterior de les obres que conté el volum _gExemplar digitalitzat per Crossland, 2022 _hArtur Sedó |
| 593 | 0 | 0 |
_bVIT-084/01 _cRelligat en volum factici. _gExemplar digitalitzat per Crossland. _hArtur Sedó |
| 593 | 0 | 0 | _choland. granate. Procedència: Col·lecció Joaquín Montaner |
| 593 | 0 | 0 | _choland. marrón (Entrem. VIII-Fdez. Guerra) |
| 655 | 7 |
_aEntremesos castellans _yS. XVIII _2lemac _9168430 |
|
| 730 | 0 | _aCol·lecció digital Biblioescènic del MAE | |
| 856 | 4 | 1 |
_zAccés lliure (Biblioescènic) _3Exemplar VIT-084/01 _uhttps://books.cdmae.cat/visorpdf/?recurs=SV0084-01 |
| 856 | 4 | 1 |
_zAccés lliure (Biblioescènic) _3Exemplar VIT-059/02 _uhttps://books.cdmae.cat/visorpdf/?recurs=SV0059-02 |
| 856 | 4 | 1 |
_zAccés lliure (Biblioteca Digital Hispánica) _uhttps://bnedigital.bne.es/bd/card?id=2ad3bfa6-17ae-4dd5-afb1-63007b4f1bf2 |
| 856 | 4 | 1 |
_zAccés lliure (BVMC) _uhttps://www.cervantesvirtual.com/obra/entremes-famoso-de-la-infanta-palancona/ |
| 856 | 4 | 2 |
_3Fitxa del catàleg manual _uhttp://www.cdmae.cat/sedo/imgtitulos/036/P0000394.gif |
| 856 | 4 | 2 |
_3Fitxa del catàleg manual _uhttp://www.cdmae.cat/sedo/imgtitulos/036/P0000395.gif |
| 856 | 4 | 2 |
_3Fitxa del catàleg manual _uhttp://www.cdmae.cat/sedo/imgtitulos/036/P0000396.gif |
| 902 | _aPatrimoni | ||
| 902 | _aFons antic | ||
| 908 | _aCDMAE | ||
| 940 | _aCDMAE | ||
| 942 |
_2udc _cDIGITAL |
||
| 999 |
_c137045 _d137045 |
||